000 00398nam a2200133Ia 4500
003 GCL
008 140319s9999 xx 000 0 ara d
040 _aGCL /
_cGCL
082 0 4 _a347.06
_bان
245 1 0 _aنظرية الاحكام فى قانون المرافعات
260 _a[S.N] :
_bلجنة الاعلام والدراسات المستقبلية ،
_c1989
300 _a919 ص
490 _a
999 _c35345
_d35345